Normal view
MARC view
Entry Topical Term
001 - CONTROL NUMBER
- control field: 5039
003 - CONTROL NUMBER IDENTIFIER
- control field: BD-RjUL
005 - DATE AND TIME OF LATEST TRANSACTION
- control field: 20220927170656.0
008 - FIXED-LENGTH DATA ELEMENTS
- fixed length control field: 220927|| aca||aabn | a|a d
040 ## - CATALOGING SOURCE
- Original cataloging agency: BD-RjUL
- Transcribing agency: BD-RjUL
150 ## - HEADING--TOPICAL TERM
- Topical term or geographic name entry element: Soil working (Tillage)
670 ## - SOURCE DATA FOUND
- Source citation: Work cat.: (BD-RjUL)80449: Hossain, Md. Ilias 5038, Studies on productivity, soil fertility and N-Use efficiency in Rice-Wheat-Mungbean Systems using tillage options, straw Management and Nitrogen Leaves /, 2007